000 00639nam a2200133Ia 4500
008 171212s9999 xx 000 0 und d
020 _a9780833034380
100 _aBenard, Cheryl;Riddile, Andrew;Wilson, Peter A.;Popper, Steven W.
245 _cBenard, Cheryl;Riddile, Andrew;Wilson, Peter A.;Popper, Steven W.
_aCivil Democratic Islam
_bPartners, Resources, and Strategies
260 _bRAND Corporation
_c2003
650 _aIslam and civil society; Islamic modernism; Democracy -- Religious aspects -- Islam; Islam -- University; Islam -- 21st century
650 _aPolitical Science
856 _uwww.jstor.org/stable/10.7249/mr1716cmepp
999 _c351868
_d351868